Egy mondat a demokráciáról
Elmentve itt :
| Szerző: | |
|---|---|
| Adatforrás: | Meister |
| Forrásdokumentuma: | A Hét. - 39 sz., 1998, 1 p. |
| Nyelv: | magyar |
| Kulcsszavak: | politikai publicisztika felsőoktatás magyar egyetem (romániai) finnországi kisebbségek Finnország |
| LEADER | 00502nab a2200181 i 4500 | ||
|---|---|---|---|
| 001 | bibPRO00007637 | ||
| 008 | 060524s1998 xx hun | ||
| 040 | |a Sz1 | ||
| 041 | |a hun | ||
| 100 | 1 | |a GÁLFALVI Zsolt | |
| 245 | 1 | 4 | |a Egy mondat a demokráciáról |c GÁLFALVI Zsolt |
| 695 | |a politikai publicisztika | ||
| 695 | |a felsőoktatás | ||
| 695 | |a magyar egyetem (romániai) | ||
| 695 | |a finnországi kisebbségek | ||
| 695 | |a felsőoktatás | ||
| 695 | |a Finnország | ||
| 773 | 0 | |t A Hét. - |g 39 sz., 1998, 1 p. | |